| 000 | 00000nam 2200000zi 4500 |
| 001 | 9.892200 |
| 003 | CaOODSP |
| 005 | 20221107173114 |
| 006 | m o d f |
| 007 | cr cn||||||||| |
| 008 | 201006t20212021oncdao o f000 0 eng d |
| 020 | |a9780660361789 |
| 040 | |aCaOODSP|beng|erda|cCaOODSP |
| 043 | |an-cn--- |
| 086 | 1 |aCR22-42/2021E-PDF |
| 245 | 00|aSSHRC CRSH strategic plan : |bmomentum : 2020-2025. |
| 246 | 3 |aMomentum 2020-2025 : |bstrategic plan for the Social Sciences and Humanities Research Council |
| 246 | 3 |aStrategic plan for the Social Sciences and Humanities Research Council : |bmomentum 2020-2025 |
| 264 | 1|a[Ottawa] : |bSocial Sciences and Humanities Research Council of Canada = Conseil de recherches en sciences humaines du Canada, |c[2021] |
| 264 | 4|c©2021 |
| 300 | |a1 online resource (37 pages) : |bcharts, illustrations, photographs |
| 336 | |atext|btxt|2rdacontent |
| 337 | |acomputer|bc|2rdamedia |
| 338 | |aonline resource|bcr|2rdacarrier |
| 500 | |aIssued also in French under title: CRSH SSHRC plan stratégique : momentum 2020-2025. |
| 500 | |aCover title. |
| 520 | |a"The Social Sciences and Humanities Research Council (SSHRC) supports world-class research in the social sciences and humanities to advance knowledge and understanding in order to meet Canada's current and future challenges and promote new opportunities for Canadians. A strong research ecosystem is vital to improving our communities, our economy, our cultural fabric, our understanding of ourselves, and the overall quality of life in this country"--Introduction, page 4. |
| 610 | 20|aSocial Sciences and Humanities Research Council of Canada|xPlanning. |
| 710 | 2 |aSocial Sciences and Humanities Research Council of Canada, |eissuing body. |
| 775 | 08|tCRSH SSHRC plan stratégique : |w(CaOODSP)9.892201 |
| 795 | |tSSHRC CRSH strategic plan : |w(CaOODSP)9.894624 |
| 856 | 40|qPDF|s1.91 MB|uhttps://publications.gc.ca/collections/collection_2021/crsh-sshrc/CR22-42-2021-eng.pdf |